Дело о выдаче авторам авансов

Доступно только в Электронных читальных залах Найти на картеНа карте
RUSMARC
00003757nmc2a22002413x 450
001d0070323-d0be-4656-9a29-c18e980ea0a6
00520210805130949.0
100##$a20210303l19091910k l0rusy0189 ca
1010#$arus
102##$aRU
105##$ay###
1222#$ad
2001#$aДело о выдаче авторам авансов
$j2 января 1909 г. - 3 января 1910 г.
215##$a42 л.
$d36,5х26 см
251##$cДело
300##$aПо делам репертуара и центральной драматической библиотеки Санкт-Петербургской конторы Дирекции императорских театров
371##$aДокумент не является опубликованным и широко распространяемым
461#0$10019264ebf8-de62-4f1a-9eb4-9f22098dbbd5
$12001
$aДирекция императорских театров МИДв
$1251
$cФонд
$1852
$j497
462#0$1001ff15f5e8-b5fa-4fe1-bbcd-275cd0305ec2
$12001
$aДела Санкт-Петербургской конторы Дирекции императорских театров и дела Московской конторы Дирекции императорских театров
$1251
$cОпись
$1852
$j10
801#0$aRU
$bРГИА
$c20210303
$gRCR
801#1$aRU
$bГлавНИВЦ
$c20210303
$2rusmarc
801#2$aRU
$bПБ им. Б.Н. Ельцина
$c20210805
$gRCR
$2rusmarc
850##$aРГИА
852##$aРГИА
$eФедеральное казенное учреждение "Российский государственный исторический архив" (РГИА)
$j1088
937##$hРГИА
$d12360685
$aASBIBLIO_SCAN
035##$aRusGRCC00024414
856##$uhttp://readingroom.main.prlib.ru/item.aspx?id_node=n167045932&mode=full
Формат отображения